vufinder Bibliothèque Municipale de Charleval de Provence
Se connecter

Délices d'Alexandrine (Les)

Book Cover
Auteur principal: Jean Anglade Auteur du texte
Support: Livres
Langue: Francais
Genre: Roman (gros caractères)
Sujets:
Étiquettes: Ajouter
Pas de Tags !

LEADER 00899nam0a2200181 450
001 16847645
010 |a 978-2-84694-773-2  |b Br.  |d 19,8 € 
100 |a 20090814d2009 u u0frey01 ba 
101 0 |a fre 
102 |a FR 
200 0 |a Délices d'Alexandrine (Les)  |f Jean Anglade 
207 1 |a   
215 |a 461 p.  |d 23 cm 
330 |a Alexandrine dirige d'une main de maître son entreprise florissante spécialisée en fruits confits, 'Les Délices de Velay'. Elle a trois filles : Marie l'aînée, Madeleine et Marguerite. On suit avec intérêt, tout le long du XXe siècle, en Auvergne, le destin de cette mère et de ses trois filles, aux parcours très différents. 
700 0 |a Anglade  |b Jean  |c Auteur du texte  |f 1915-....  |4 70 
900 |a Roman (gros caractères) 
901 |a Accessible au prêt 
995 |a Bibliothèque  |c Bibliothèque  |f 00156006365357  |h 00156006365357  |k R ANG  |o p  |q a  |r az  |e Bibliothèque 

Options de recherche

Historique de recherche
Recherche avancée

Trouver plus

Nouveautés

Besoin d'aide ?

Contacter un bibliothécaire